Los Celtas: una civilización europea
Guardat en:
| Autor principal: | |
|---|---|
| Format: | Llibre |
| Idioma: | espanyol |
| Publicat: |
Madrid
Susaeta Ediciones S. A
1968
|
| Edició: | 1a. ed |
| Matèries: | |
| Etiquetes: |
Afegir etiqueta
Sense etiquetes, Sigues el primer a etiquetar aquest registre!
|
MARC
| LEADER | 00000cam a2200000 a 4500 | ||
|---|---|---|---|
| 001 | UCC2829 | ||
| 003 | CL-VaPUC | ||
| 008 | 180323e19680000sp |||||||||||||||||spa|d | ||
| 020 | |a 9788499280837 | ||
| 082 | 0 | 4 | |a 936.401 |b PER |2 21 |
| 100 | 0 | |a Percivaldi, Elena |e author |9 596849 | |
| 245 | 1 | 4 | |a Los Celtas: una civilización europea |
| 250 | |a 1a. ed | ||
| 300 | |a 191 p | ||
| 942 | |c BK | ||
| 945 | |d 20180323 15:33:00 |a dcastane | ||
| 260 | |a Madrid |b Susaeta Ediciones S. A |c 1968 | ||
| 650 | 7 | |a CELTAS |2 CL-VaPUC |9 265859 | |
| 650 | 0 | |a Civilizaciones antiguas |9 265998 | |
| 583 | |a last modification |c 20180417 03:54:31 |k Rodrigo Vera | ||
| 999 | |c 370769 |d 370767 | ||
| 952 | |0 0 |1 0 |3 erb |4 0 |6 936_401000000000000_PER_1968 |7 0 |8 A |9 487413 |a BIBHIS |b BIBHIS |i 5459532 |o 936.401 PER 1968 |p 5459532 |r 2025-01-20 |w 2019-11-24 |y BK |z Catalogado en:20180323 |k HIS | ||
| 952 | |0 0 |1 0 |3 erb |4 0 |6 936_401000000000000_PER_1968 |7 0 |8 A |9 487414 |a BIBHIS |b BIBHIS |i 5502004 |o 936.401 PER 1968 |p 5502004 |r 2025-01-20 |w 2019-11-24 |y BK |z Catalogado en:20180927 |k HIS | ||